000 00562nam a2200217Ia 4500
003 OSt
005 20220928142601.0
006 a|||||r|||| 00| 0
007 ta
008 220927b |||||||| |||| 00| 0 eng d
024 _a19926
037 _cTextual
040 _aSDCL
_cSDCL
_beng
041 _2eng
_aeng
082 _aO15:g(S:5), 152L3
100 _aSharana Raghuvir
_9503753
245 0 _aSanchari bhavo ka sastriye adhyan.
260 _c1973
942 _hO15:g(S:5), 152L3
_cTEXL
_2CC
999 _c822073
_d822073